000 00605nam a2200241 a 4500
001 nice12345678
003 IN_TiNIC
005 20260116011509.0
008 050524s1960 dela grp 000 0 urd
020 _a
_c100
082 0 0 _a297.1227
_bMEH
100 _aMeher, Ghulam Rasool
245 _aBaqiyat-I- Tarjumanul Quran
260 _aDelhi
_bPayam-E-mashriq Book Depot
_c1960
300 _a110p
500 _aincludes index and biblioraphy
505 2 _aBibliography
650 _aQuran-Hermeneutics
700 1 _aMeher, Ghulam Rasool
902 _bSRS
942 _cBK
999 _c2052
_d2052